LDR 00827nam a2200217 i 4500 001 000000040839 003 CaOOAMICUS 005 20071212000000.0 008 071212s1982 it u000 u ita u 013 $a12009 040 $aSeMil$bita 100 1 $aPorro, Carlo,$d<1932- >.$0(OLS)http://semarc/name/8573 245 10$aGiovanna De' Carbonati :$bracconto /$cCarlo Porro. 260 $a[S.l. :$bs.n.],$cstampa 1982$e(Cantù :$fCavalleri,$gstampa 1982) 300 $a177 p. ;$c25 cm. 650 4$aCarbonate.$0(OLS)http://semarc/subject/8611 850 $aSeMil 852 $aSeMil$W1$xVenegono$y1$m1O V 219$j6994$B6994$CSeMilBibl$Z2$F6994 $81 961 $aOmaggio: Deposito 996 $6245$aGiovanna De' Carbonati :$bracconto$9(OLS)http://semarc/title/58852 996 $6260$a[S.l. :$bs.n.]$9(OLS)http://semarc/publisher/29751